[Event "UAE-ch President Cup"]
[Site "Abu Dhabi"]
[Date "2019.12.23"]
[Round "9"]
[White "Hareb, Nasser Hareb Alsham"]
[Black "Hamdan, Marshool"]
[Result "0-1"]
[WhiteElo "1769"]
[BlackElo "1947"]
[PlyCount "66"]
[EventDate "2019.12.15"]
[EventType "swiss"]
[EventRounds "9"]
[EventCountry "UAE"]
[SourceTitle "CBM 193 Extra"]
[Source "ChessBase"]
[SourceDate "2020.01.31"]
[SourceVersion "1"]
[SourceVersionDate "2020.01.31"]
[SourceQuality "1"]

1. e4 c5 2. Nf3 e6 3. c3 Nf6 4. e5 Nd5 5. d4 Nc6 6. c4 Ndb4 7. a3 Qa5 8. Nbd2 Nxd4 9. Nxd4 cxd4 10. axb4 Qxa1 11. c5 b6 12. Bd3 Ba6 13. b5 Bb7 14. c6 dxc6 15. Be4 0-0-0 16. 0-0 Be7 17. bxc6 Ba6 18. Re1 Qa2 19. Nf3 Bb4 20. Nd2 Kc7 21. Qf3 Rhf8 22. Rd1 Bb5 23. Nf1 Ba4 24. Bg5 f6 25. exf6 Bxd1 26. Qg3+ Bd6 27. Bf4 e5 28. fxg7 Rxf4 29. Bxh7 Rg4 30. Qd3 Rxg7 31. Be4 Bb3 32. Qh3 Bc4 33. Qh6 Rdg8 0-1